[Event "BSenEM 2014"]
[Site "Berlin"]
[Date "2014.02.04"]
[Round "6.31"]
[White "Hoppe, Rainer"]
[Black "Prix, Siegfried"]
[Result "1-0"]
[WhiteElo "1797"]
[BlackElo "1661"]
[Annotator "Jaeger,André"]
[PlyCount "63"]
[EventDate "2014.01.30"]
[WhiteTeam "SG Wedding e.V."]
[BlackTeam "Sfrd. Berlin 1903 e.V."]

1. Nf3 d5 2. e3 c5 3. d4 Nc6 4. Bb5 Bd7 5. dxc5 e6 6. Bxc6 Bxc6 7. b4 a5 8. c3
axb4 9. cxb4 Qf6 10. Qd4 Qg6 11. O-O Nf6 12. Nc3 Be7 13. Ne5 Qh5 14. b5 Bd7 15.
Nxd7 Nxd7 16. c6 bxc6 17. bxc6 Nf6 18. h3 O-O 19. Rb1 Rfc8 20. Qb6 Bd6 21. Bd2
Rab8 22. Qa6 Ra8 23. Qb5 Rab8 24. Qd3 Rxc6 25. Rxb8+ Bxb8 26. Qb5 Qe5 27. f4
Qc7 28. Rb1 Ba7 29. Qb7 Bxe3+ 30. Bxe3 Rxc3 31. Qa8+ Qc8 32. Rb8 1-0

[Event "BSenEM 2014"]
[Site "Berlin"]
[Date "2014.02.04"]
[Round "6.32"]
[White "Oppermann, Peter"]
[Black "Mueller, Erhard"]
[Result "1/2-1/2"]
[WhiteElo "1789"]
[BlackElo "1629"]
[Annotator "Jaeger,André"]
[PlyCount "69"]
[EventDate "2014.01.30"]
[WhiteTeam "SK Tempelhof 1931 e.V."]
[BlackTeam "SG Wedding e.V."]

1. d4 Nf6 2. Nf3 d5 3. e3 g6 4. b3 Bg7 5. Bb2 Nc6 6. Nbd2 Bf5 7. Nh4 Qd7 8.
Nxf5 gxf5 9. a3 O-O-O 10. Bd3 e6 11. c4 Ne4 12. cxd5 exd5 13. Qc2 Rde8 14. O-O
Kb8 15. Rac1 Rhg8 16. Rfe1 Bh6 17. f4 Rg6 18. Nxe4 fxe4 19. Bb5 Reg8 20. Re2
Bf8 21. Qd2 Qg4 22. Bxc6 Rxc6 23. Rxc6 bxc6 24. b4 h5 25. Rf2 h4 26. Qe2 Qf5
27. Qc2 Qd7 28. Qd1 Qh3 29. Bc1 Qf5 30. Rc2 Kb7 31. Qe2 Rg6 32. Bd2 a6 33. Be1
Be7 34. Kh1 h3 35. g3 1/2-1/2

[Event "BSenEM 2014"]
[Site "Berlin"]
[Date "2014.02.04"]
[Round "6.33"]
[White "Albinus, Guenter"]
[Black "Klevenow, Hellmut"]
[Result "1/2-1/2"]
[WhiteElo "1765"]
[BlackElo "1629"]
[Annotator "Jaeger,André"]
[PlyCount "55"]
[EventDate "2014.01.30"]
[WhiteTeam "SG Weißensee 49 e.V."]
[BlackTeam "SV Königsjäger Süd-West e.V."]

1. Nf3 d5 2. b3 Nf6 3. Bb2 b6 4. e3 Bb7 5. Be2 Nbd7 6. O-O e6 7. d4 Be7 8. Nbd2
O-O 9. c4 c5 10. Rc1 cxd4 11. Nxd4 Rc8 12. Rc2 Nc5 13. Qa1 dxc4 14. Nxc4 Nce4
15. Rd1 Nd5 16. Bf3 Ng5 17. Be2 Qe8 18. Nf3 Nxf3+ 19. Bxf3 f6 20. Rcd2 Rc7 21.
e4 Nf4 22. Nd6 Bxd6 23. Rxd6 Qc8 24. Rc1 Rxc1+ 25. Qxc1 e5 26. Qd2 Qa8 27. Qe1
Rd8 28. Rxd8+ 1/2-1/2

[Event "BSenEM 2014"]
[Site "Berlin"]
[Date "2014.02.04"]
[Round "6.34"]
[White "Poeltelt, Helmut"]
[Black "Hiller, Bernd"]
[Result "0-1"]
[WhiteElo "1592"]
[BlackElo "1762"]
[Annotator "Jaeger,André"]
[PlyCount "80"]
[EventDate "2014.01.30"]
[WhiteTeam "SC Eintracht Berlin e.V."]
[BlackTeam "TSG Wittenberg"]

1. e4 d5 2. exd5 Nf6 3. Nc3 Nxd5 4. Nxd5 Qxd5 5. Nf3 Bg4 6. Be2 Nc6 7. c3 e5 8.
O-O O-O-O 9. h3 Bh5 10. Nh2 Bxe2 11. Qxe2 f5 12. b4 e4 13. Rd1 Bd6 14. d4 exd3
15. Qf3 Bxh2+ 16. Kxh2 Qxf3 17. gxf3 Ne5 18. Kg2 Nc4 19. Bd2 Rhe8 20. a3 Re2
21. Ra2 Ne3+ 22. Bxe3 Rxa2 23. Bd4 g5 24. Rxd3 Rxa3 25. Re3 Rxd4 26. cxd4 Rxe3
27. fxe3 Kd7 28. e4 b6 29. Kf2 a5 30. bxa5 bxa5 31. Ke2 h5 32. exf5 Ke7 33. Kd3
a4 34. Kc3 a3 35. Kb3 a2 36. Kxa2 Kf6 37. Kb3 Kxf5 38. Kc4 Kf4 39. d5 Kxf3 40.
Kd4 g4 0-1

[Event "BSenEM 2014"]
[Site "Berlin"]
[Date "2014.02.04"]
[Round "6.35"]
[White "Kolkwitz, Klaus"]
[Black "Sube, Guenter"]
[Result "1/2-1/2"]
[WhiteElo "1720"]
[BlackElo "1622"]
[Annotator "Jaeger,André"]
[PlyCount "32"]
[EventDate "2014.01.30"]
[WhiteTeam "ESV 1949 Eberswalde e.V."]
[BlackTeam "SV Bau-Union e.V."]

1. d4 Nf6 2. Bf4 e6 3. e3 a6 4. Nd2 Be7 5. c3 b6 6. Bd3 Bb7 7. Ngf3 d6 8. O-O
Nbd7 9. e4 h6 10. h3 Rc8 11. Qe2 a5 12. Rac1 Nh7 13. e5 Ng5 14. Ne4 Nxe4 15.
Bxe4 Bxe4 16. Qxe4 d5 1/2-1/2

[Event "BSenEM 2014"]
[Site "Berlin"]
[Date "2014.02.04"]
[Round "6.36"]
[White "Metzger, Eberhard"]
[Black "Schrodt, Horst"]
[Result "0-1"]
[WhiteElo "1704"]
[BlackElo "1594"]
[Annotator "Jaeger,André"]
[PlyCount "69"]
[EventDate "2014.01.30"]
[WhiteTeam "SV Werder/H."]
[BlackTeam "SC Eintracht Berlin e.V."]

1. e4 c6 2. d4 d5 3. e5 Bf5 4. Nc3 e6 5. Bd3 Bxd3 6. Qxd3 Nd7 7. Nge2 c5 8. Bf4
cxd4 9. Nxd4 a6 10. O-O Ne7 11. Bg3 Rc8 12. f4 Nc6 13. Bf2 Nxd4 14. Bxd4 Bc5
15. Bxc5 Nxc5 16. Qg3 O-O 17. f5 exf5 18. Rae1 Ne4 19. Qf3 Qb6+ 20. Kh1 Qxb2
21. Nxd5 Qxe5 22. Ne3 Ng5 23. Qf2 Qe4 24. c4 Nh3 25. Qd2 Nf4 26. Rf3 Ne6 27.
Nxf5 Rcd8 28. Ne7+ Kh8 29. Nd5 Qxc4 30. Rd3 Qh4 31. Rh3 Qg5 32. Qd3 Qg6 33. Qb3
Nc5 34. Qe3 Ne4 35. Rf3 0-1

[Event "BSenEM 2014"]
[Site "Berlin"]
[Date "2014.02.04"]
[Round "6.37"]
[White "Mietzelfeldt, Gerhard"]
[Black "Kasper, Peter"]
[Result "1-0"]
[WhiteElo "1688"]
[BlackElo "1587"]
[Annotator "Jaeger,André"]
[PlyCount "51"]
[EventDate "2014.01.30"]
[WhiteTeam "SG Narva Berlin e.V."]
[BlackTeam "SG Eckturm"]

1. e4 c6 2. d4 d5 3. e5 Bf5 4. Nf3 e6 5. Be2 h6 6. O-O Nd7 7. Be3 Qb6 8. b3 c5
9. c4 dxc4 10. Bxc4 Bg4 11. Nbd2 cxd4 12. Bxd4 Qxd4 13. Nxd4 Bxd1 14. Rfxd1
Nxe5 15. Bb5+ Nd7 16. Ne4 a6 17. Bxd7+ Kxd7 18. Rac1 Ne7 19. Nc5+ Kc7 20.
Ncxe6+ Kb6 21. Nc5 Nc6 22. Nd7+ Kc7 23. Ne5 Ba3 24. Rc2 Rhd8 25. Nexc6 Rd6 26.
Ne5+ 1-0

[Event "BSenEM 2014"]
[Site "Berlin"]
[Date "2014.02.04"]
[Round "6.38"]
[White "Hesselbarth, Karlheinz"]
[Black "Scholz, Werner"]
[Result "0-1"]
[WhiteElo "1685"]
[BlackElo "1538"]
[Annotator "Jaeger,André"]
[PlyCount "72"]
[EventDate "2014.01.30"]
[WhiteTeam "SC Zugzwang 95 e.V."]
[BlackTeam "ESV 1949 Eberswalde e.V."]

1. d4 c5 2. d5 d6 3. c4 g6 4. Nc3 Nf6 5. e4 Bg7 6. f3 O-O 7. Be3 Nbd7 8. Nh3
Nh5 9. g4 Bxc3+ 10. bxc3 Ng7 11. Be2 Ne5 12. Nf2 Qa5 13. Rc1 Qxa2 14. h4 h5 15.
gxh5 Nxh5 16. Bh6 Ng3 17. Bxf8 Nxh1 18. Bxe7 Nxf3+ 19. Kf1 Ng3+ 20. Kg2 Nxe2
21. Rc2 Ne1+ 22. Qxe1 Qxc2 23. Bxd6 b6 24. Kf3 Nxc3 25. Qe3 Qe2+ 26. Qxe2 Nxe2
27. Kxe2 a5 28. e5 a4 29. Ne4 a3 30. Nf6+ Kg7 31. Ne8+ Kh8 32. e6 fxe6 33. Be5+
Kg8 34. d6 a2 35. d7 Bxd7 36. Nf6+ Kf7 0-1

[Event "BSenEM 2014"]
[Site "Berlin"]
[Date "2014.02.04"]
[Round "6.39"]
[White "Peter, Volkhard"]
[Black "Theilig, Reinhard"]
[Result "1/2-1/2"]
[WhiteElo "1676"]
[BlackElo "1460"]
[Annotator "Jaeger,André"]
[PlyCount "50"]
[EventDate "2014.01.30"]
[WhiteTeam "SC Oranienburg e.V."]
[BlackTeam "VfB Hermsdorf e.V."]

1. e4 d6 2. d4 Nf6 3. Nc3 g6 4. Bg5 Bg7 5. e5 dxe5 6. dxe5 Qxd1+ 7. Rxd1 Ng4 8.
h3 Nxe5 9. Nd5 O-O 10. Nxc7 Nbc6 11. Nxa8 Nb4 12. Bd3 Nexd3+ 13. cxd3 Nd5 14.
Ne2 Bd7 15. Nb6 Nxb6 16. Bxe7 Re8 17. Bc5 Nd5 18. Rd2 b6 19. Bd6 Bh6 20. f4
Nxf4 21. Bxf4 Bxf4 22. Rc2 Bb5 23. Kd1 Bg5 24. h4 Bxd3 25. Nc3 Bxc2+ 1/2-1/2

[Event "BSenEM 2014"]
[Site "Berlin"]
[Date "2014.02.04"]
[Round "6.40"]
[White "Woelfert, Juergen"]
[Black "Krueger, Detlef"]
[Result "1/2-1/2"]
[WhiteElo "1571"]
[BlackElo "1664"]
[Annotator "Jaeger,André"]
[PlyCount "105"]
[EventDate "2014.01.30"]
[WhiteTeam "SC Oberkrämer"]
[BlackTeam "TSG RW Fredersdorf/Vogelsdorf"]

1. e4 d5 2. exd5 Nf6 3. d4 Nxd5 4. Bc4 Nc6 5. Nc3 Nxc3 6. bxc3 e6 7. Nf3 Bd6 8.
Bg5 f6 9. Be3 Qe7 10. O-O Bd7 11. Re1 O-O-O 12. Rb1 g5 13. d5 Na5 14. Bf1 b6
15. Ba6+ Kb8 16. c4 Bc8 17. Qd2 Bxa6 18. Qxa5 Bxc4 19. dxe6 Ka8 20. Bxb6 cxb6
21. Rxb6 Bc7 22. Qa4 Bxb6 23. Qxc4 Rhe8 24. c3 Qc5 25. Qe4+ Kb8 26. Nd4 Rd5 27.
h4 Re5 28. Nc6+ Kc7 29. Nxe5 Rxe6 30. Qxh7+ Re7 31. Nd3 Rxh7 32. Nxc5 Bxc5 33.
hxg5 fxg5 34. g3 Rf7 35. Re2 Rf3 36. c4 Rxg3+ 37. Kf1 Rf3 38. Kg2 Rxf2+ 39.
Rxf2 Bxf2 40. Kxf2 Kd6 41. Kf3 Kc5 42. Kg4 Kxc4 43. Kxg5 a5 44. Kf4 Kc3 45. Ke4
a4 46. a3 Kb2 47. Kd4 Kb3 48. Kd3 Kb2 49. Kc4 Kxa3 50. Kc3 Ka2 51. Kc2 Ka1 52.
Kc1 a3 53. Kc2 1/2-1/2

[Event "BSenEM 2014"]
[Site "Berlin"]
[Date "2014.02.04"]
[Round "6.42"]
[White "Langer, Guenter"]
[Black "Hirr, Rudi"]
[Result "1/2-1/2"]
[WhiteElo "1657"]
[BlackElo "1523"]
[Annotator "Jaeger,André"]
[PlyCount "95"]
[EventDate "2014.01.30"]
[WhiteTeam "TSG Oberschöneweide e.V."]
[BlackTeam "SG Grün-Weiß Baumschulenweg e.V."]

1. c4 e5 2. Nc3 Nf6 3. g3 Be7 4. Bg2 c6 5. e3 d6 6. d3 O-O 7. Nge2 Re8 8. O-O
Nbd7 9. Rb1 a5 10. b3 Nb6 11. Bb2 Bd7 12. e4 Qc8 13. Re1 Qd8 14. d4 exd4 15.
Nxd4 Qc8 16. Qd2 c5 17. Ndb5 Bxb5 18. Nxb5 Rd8 19. a4 Ne8 20. Rbd1 Nc7 21. Nc3
Bf6 22. Re2 Ne8 23. Rde1 Bxc3 24. Bxc3 f6 25. Bxa5 Ra6 26. Bc3 Nd7 27. Bh3 Qc7
28. Be6+ Kh8 29. f4 Nf8 30. Bg4 Raa8 31. h4 Qf7 32. Kg2 Qg6 33. Bf5 Qf7 34. Ba5
Rdb8 35. Bc3 Rd8 36. Qd5 Qxd5 37. exd5 g6 38. Bg4 Kg8 39. Re7 f5 40. Bf3 Rab8
41. g4 b6 42. gxf5 gxf5 43. h5 Nd7 44. Kh3 Ndf6 45. h6 Kf8 46. Ra7 Rd7 47. Rxd7
Nxd7 48. Kh4 {Rest unklar.} 1/2-1/2

[Event "BSenEM 2014"]
[Site "Berlin"]
[Date "2014.02.04"]
[Round "6.43"]
[White "Schroeder, Wolfgang"]
[Black "Kurbel, Horst Peter"]
[Result "1/2-1/2"]
[WhiteElo "1522"]
[BlackElo "1652"]
[Annotator "Jaeger,André"]
[PlyCount "100"]
[EventDate "2014.01.30"]
[WhiteTeam "SSV Rotation Berlin e.V."]
[BlackTeam "FC Bayern München e.V."]

1. d4 Nf6 2. Bg5 Ne4 3. Bf4 c5 4. Nf3 Qb6 5. b3 Nc6 6. e3 Qb4+ 7. Nfd2 cxd4 8.
a3 Qa5 9. Bd3 Nxd2 10. Nxd2 dxe3 11. Bxe3 g6 12. b4 Qc7 13. O-O Bg7 14. Rb1 O-O
15. f4 d5 16. f5 Bd7 17. Bf4 Qb6+ 18. Kh1 Ne5 19. Bxe5 Bxe5 20. Qe2 Qd6 21. Nf3
Bf6 22. g4 g5 23. Qe3 Qf4 24. Qxf4 gxf4 25. Rbe1 Rfe8 26. g5 Bc3 27. Re2 Bb2
28. Ne5 Bxe5 29. Rxe5 f6 30. gxf6 exf6 31. Rxe8+ Rxe8 32. b5 Re5 33. Rxf4 Kf7
34. Kg2 Ke7 35. Rh4 Bxf5 36. Bxf5 Rxf5 37. Rxh7+ Kd6 38. Rxb7 d4 39. a4 Rc5 40.
Rxa7 Rxc2+ 41. Kf3 Rxh2 42. Ra6+ Kc7 43. Rxf6 Ra2 44. Ra6 d3 45. Ke3 d2 46. Ke2
Rb2 47. Kd1 Ra2 48. a5 Kb7 49. Rb6+ Ka7 50. Rd6 Rxa5 1/2-1/2

[Event "BSenEM 2014"]
[Site "Berlin"]
[Date "2014.02.04"]
[Round "6.44"]
[White "Wolf, Wilfried"]
[Black "Sattler, Guenther"]
[Result "1/2-1/2"]
[WhiteElo "1634"]
[BlackElo "1513"]
[Annotator "Jaeger,André"]
[PlyCount "85"]
[EventDate "2014.01.30"]
[WhiteTeam "Betriebsschach Berlin"]
[BlackTeam "SV Turbine Berlin e.V."]

1. e4 e5 2. Nf3 Nc6 3. Nc3 d6 4. Be2 Nf6 5. O-O Be7 6. b3 O-O 7. Bb2 Bg4 8. Ne1
Qd7 9. f3 Be6 10. Bb5 a6 11. Bxc6 Qxc6 12. Ne2 Qb6+ 13. Kh1 c5 14. c4 Nh5 15.
Nd3 Bg5 16. f4 exf4 17. Nexf4 Nxf4 18. Nxf4 Bxf4 19. Rxf4 Qd8 20. d4 cxd4 21.
Qxd4 f6 22. Ba3 Re8 23. Qxd6 Qa5 24. Bb4 Qg5 25. Raf1 Rad8 26. Qc5 Qxc5 27.
Bxc5 Rd2 28. R4f2 Red8 29. e5 Rxf2 30. Bxf2 fxe5 31. h3 Rd2 32. a3 Rb2 33. Bg3
Rxb3 34. Bxe5 Bxc4 35. Bd6 h6 36. Re1 Bd5 37. Re2 Bc6 38. Rf2 Rd3 39. Bb4 Rd1+
40. Kh2 Rd8 41. Kg3 Rd3+ 42. Kg4 Bd7+ 43. Kf4 1/2-1/2

[Event "BSenEM 2014"]
[Site "Berlin"]
[Date "2014.02.04"]
[Round "6.45"]
[White "Freihube, Manfred"]
[Black "Garms, Ilse"]
[Result "1-0"]
[WhiteElo "1511"]
[BlackElo "1610"]
[Annotator "Jaeger,André"]
[PlyCount "67"]
[EventDate "2014.01.30"]
[WhiteTeam "SC Schwarz-Weiß Lichtenrade e.V."]
[BlackTeam "ESV 1949 Eberswalde e.V."]

1. d4 d5 2. Nf3 e6 3. Bf4 Bd6 4. Bg5 Nf6 5. Nbd2 Nbd7 6. e3 O-O 7. Bd3 h6 8.
Bh4 Qe8 9. c4 dxc4 10. Nxc4 Nd5 11. O-O Be7 12. Bg3 b6 13. Rc1 Qd8 14. a3 a5
15. Bb1 Ba6 16. Re1 Bxc4 17. Rxc4 Bd6 18. Bh4 g5 19. Bg3 Bxg3 20. hxg3 f5 21.
e4 fxe4 22. Rxe4 Rf6 23. Qc2 Nf8 24. Rc6 Qd7 25. Ne5 Qg7 26. Ng4 Rg6 27. Qe2
Re8 28. Re5 Re7 29. Bxg6 Nxg6 30. Rexe6 Rxe6 31. Rxe6 Nde7 32. Qe4 Kf8 33. Qa8+
Kf7 34. Rf6+ 1-0

[Event "BSenEM 2014"]
[Site "Berlin"]
[Date "2014.02.04"]
[Round "6.46"]
[White "Kujawa, Werner"]
[Black "Huelle, Gunter"]
[Result "1-0"]
[WhiteElo "1609"]
[BlackElo "1511"]
[Annotator "Jaeger,André"]
[PlyCount "69"]
[EventDate "2014.01.30"]
[WhiteTeam "SV Motor Wildau e.V."]
[BlackTeam "SV Springer Leipzig"]

1. e4 e6 2. d4 d5 3. Nc3 Nf6 4. Bg5 Be7 5. Bxf6 Bxf6 6. e5 Be7 7. Qg4 O-O 8.
Bd3 g6 9. h4 h5 10. Qg3 Kg7 11. Nge2 Rh8 12. Nf4 Rh6 13. O-O-O Nd7 14. Kb1 c5
15. Nb5 c4 16. Be2 Kh7 17. Nd6 Bxd6 18. exd6 Nf6 19. Nh3 Ne4 20. Ng5+ Kg8 21.
Nxe4 dxe4 22. Bxc4 Kf8 23. d5 exd5 24. Bxd5 f5 25. Qf4 Rh7 26. Bxe4 Bd7 27. f3
Qf6 28. Rhe1 Rb8 29. Bd5 b6 30. Re7 Qh8 31. Rde1 Re8 32. Qg5 Rexe7 33. Rxe7 Be8
34. Rxh7 Qxh7 35. Qf6+ 1-0

[Event "BSenEM 2014"]
[Site "Berlin"]
[Date "2014.02.04"]
[Round "6.47"]
[White "Kranch, Klaus"]
[Black "Krawatzki, Armin"]
[Result "1/2-1/2"]
[WhiteElo "1593"]
[BlackElo "1479"]
[Annotator "Jaeger,André"]
[PlyCount "32"]
[EventDate "2014.01.30"]
[WhiteTeam "SC Rochade e.V."]
[BlackTeam "SVG Läufer Reinickendorf e.V."]

1. d4 e6 2. c4 Nf6 3. Nc3 Bb4 4. f3 d5 5. a3 Bxc3+ 6. bxc3 O-O 7. cxd5 exd5 8.
Bg5 h6 9. Bh4 c6 10. e3 Re8 11. Qd2 Bf5 12. Bd3 Bxd3 13. Qxd3 Nbd7 14. Ne2 c5
15. Bf2 cxd4 16. cxd4 Qa5+ 1/2-1/2

[Event "BSenEM 2014"]
[Site "Berlin"]
[Date "2014.02.04"]
[Round "6.48"]
[White "Windmueller, Werner"]
[Black "Fey, Jens"]
[Result "1-0"]
[WhiteElo "1581"]
[BlackElo "1460"]
[Annotator "Jaeger,André"]
[PlyCount "157"]
[EventDate "2014.01.30"]
[WhiteTeam "SV Berolina Mitte e.V."]
[BlackTeam "SK Tempelhof 1931 e.V."]

1. d4 d5 2. e3 Nf6 3. c4 e6 4. a3 Be7 5. Nf3 Nc6 6. c5 b6 7. b4 O-O 8. Nc3 a6
9. Bd3 h6 10. Qc2 Bd7 11. O-O Na7 12. a4 b5 13. a5 Nc6 14. Na2 Bc8 15. Bb2 Nd7
16. h3 Bf6 17. Rad1 Bb7 18. Qb1 Qc8 19. Qa1 Re8 20. Ne5 Nf8 21. Nxc6 Bxc6 22.
f4 Bb7 23. Bc3 c6 24. Be1 Qd8 25. Qb2 Nd7 26. Nc1 Bh4 27. g3 Be7 28. Qg2 f5 29.
Ne2 Bc8 30. Nc3 Nf6 31. Kh2 Ne4 32. Bxe4 dxe4 33. Qa2 Kh8 34. Rg1 Bf6 35. h4
Ra7 36. Qe2 Qe7 37. Kg2 Rf8 38. h5 Rg8 39. Rh1 g5 40. hxg6 Rxg6 41. Qh5 Qh7 42.
Ne2 Bd7 43. Bf2 Be8 44. Qh3 Rag7 45. Kf1 Kg8 46. Ke1 Rd7 47. Nc3 Kf8 48. Rd2
Bg7 49. Rh2 Qh8 50. Ke2 Rg4 51. Nxe4 Rg6 52. Nd6 Bf6 53. Rd1 Be7 54. Nxe8 Kxe8
55. Qg2 Rc7 56. Rdh1 Bf8 57. Rh5 Qf6 58. e4 Qg7 59. exf5 exf5 60. Rxf5 Re6+ 61.
Re5 Qg4+ 62. Ke3 Rce7 63. Qe4 Bg7 64. Kd3 Bxe5 65. dxe5 Rd7+ 66. Ke3 Qg7 67.
Re1 Rde7 68. Kf3 h5 69. Qf5 Qg4+ 70. Qxg4 hxg4+ 71. Kxg4 Rg6+ 72. Kf5 Kf7 73.
Rh1 Kg7 74. Rd1 Rf7+ 75. Ke4 Rc7 76. Rd6 Kf7 77. Kf5 Rxd6 78. cxd6 Rd7 79. e6+
1-0

[Event "BSenEM 2014"]
[Site "Berlin"]
[Date "2014.02.04"]
[Round "6.49"]
[White "Kammler, Hans Joachim"]
[Black "Andrasch, Peter"]
[Result "1-0"]
[WhiteElo "1459"]
[BlackElo "1574"]
[Annotator "Jaeger,André"]
[PlyCount "61"]
[EventDate "2014.01.30"]
[WhiteTeam "ohne Verein"]
[BlackTeam "Sfr.Nord-Ost Berlin"]

1. e4 e5 2. Nf3 Nf6 3. d4 exd4 4. e5 Ne4 5. Qxd4 Nc5 6. Qd1 Ne6 7. Bc4 Nc6 8.
a3 a6 9. b4 b5 10. Ba2 Bb7 11. Bb2 Be7 12. O-O O-O 13. Nbd2 h6 14. c4 bxc4 15.
Nxc4 Rb8 16. Bc1 Ng5 17. Ne1 Ne4 18. Qd3 Ng5 19. f4 Ne6 20. Be3 Qe8 21. f5 Ng5
22. f6 Nxe5 23. Nxe5 Bxf6 24. Rxf6 gxf6 25. Ng4 Kg7 26. h4 Be4 27. Qd4 Qe7 28.
hxg5 Rb6 29. gxf6+ Rxf6 30. Bxh6+ Kg8 31. Nxf6+ 1-0

[Event "BSenEM 2014"]
[Site "Berlin"]
[Date "2014.02.04"]
[Round "6.50"]
[White "Schweitzer, Paul"]
[Black "Bensch, Wolfgang"]
[Result "0-1"]
[WhiteElo "1563"]
[BlackElo "1410"]
[Annotator "Jaeger,André"]
[PlyCount "96"]
[EventDate "2014.01.30"]
[WhiteTeam "SV Königsjäger Süd-West e.V."]
[BlackTeam "SC Eintracht Berlin e.V."]

1. Nf3 Nf6 2. d4 g6 3. c3 Bg7 4. Nbd2 d5 5. e3 a6 6. Be2 O-O 7. Nf1 Nc6 8. Ng3
Re8 9. Ne5 Ne4 10. f4 Nxe5 11. dxe5 f5 12. c4 e6 13. Nxe4 dxe4 14. Bd2 Qd7 15.
Qc2 c5 16. O-O-O Qc6 17. Bc3 b5 18. Rd6 Qb7 19. cxb5 axb5 20. a3 Bf8 21. g4 b4
22. gxf5 Bxd6 23. fxg6 bxc3 24. gxh7+ Kxh7 25. b4 cxb4 26. Bf3 Kh8 27. Bxe4 Qa7
28. exd6 Qxa3+ 29. Kd1 Qa1+ 30. Ke2 Qa2 31. Kf3 Qxc2 32. Bxc2 Bb7+ 33. e4 Ra2
34. Bb3 Rd2 35. Ba4 Rd8 36. d7 Ba6 37. Rg1 Bc4 38. Rg6 c2 39. f5 Kh7 40. Bxc2
exf5 41. Rb6 Rxc2 42. Rxb4 Rxd7 43. exf5 Rd4 44. Rb8 Kg7 45. f6+ Kxf6 46. Rf8+
Kg7 47. Rb8 Rc3+ 48. Kg2 Rd2+ 0-1

[Event "BSenEM 2014"]
[Site "Berlin"]
[Date "2014.02.04"]
[Round "6.51"]
[White "Olschewsky, Roman"]
[Black "Weber, Viktor"]
[Result "1-0"]
[WhiteElo "1561"]
[BlackElo "1390"]
[Annotator "Jaeger,André"]
[PlyCount "68"]
[EventDate "2014.01.30"]
[WhiteTeam "SG Wedding e.V."]
[BlackTeam "SKV Bad Freienwalde/Oder e.V."]

1. c4 Nf6 2. g3 e5 3. Nc3 Bb4 4. Nd5 Bc5 5. e3 c6 6. Nxf6+ Qxf6 7. Bg2 O-O 8.
Ne2 a6 9. O-O d6 10. Rb1 a5 11. a3 Be6 12. d3 Qe7 13. b4 Bb6 14. Bd2 a4 15. Nc3
Bf5 16. e4 Bd7 17. Nxa4 Bd4 18. Be3 c5 19. b5 Qd8 20. Bxd4 cxd4 21. Rb4 h6 22.
Qc2 Ra5 23. Ra1 Qc7 24. Qb3 b6 25. Nb2 Be6 26. a4 Nd7 27. Qd1 Rfa8 28. Qd2 Nc5
29. f4 f6 30. f5 Bf7 31. h3 Be8 32. g4 R8a7 33. Kh2 Qd8 34. h4 Rb7 {
Rest unklar.} 1-0

[Event "BSenEM 2014"]
[Site "Berlin"]
[Date "2014.02.04"]
[Round "6.52"]
[White "Kuehnemann, Gunnar"]
[Black "Hackenberg, Ronald"]
[Result "1/2-1/2"]
[WhiteElo "1558"]
[BlackElo "1388"]
[Annotator "Jaeger,André"]
[PlyCount "41"]
[EventDate "2014.01.30"]
[WhiteTeam "Mariendorfer SV 06 e.V."]
[BlackTeam "SC Kreuzberg e.V."]

1. d4 g6 2. c4 Bg7 3. Nc3 d6 4. e4 Nd7 5. Be2 e5 6. d5 Ne7 7. Nf3 f5 8. exf5
Nxf5 9. Ng5 Nf6 10. O-O O-O 11. Nge4 Nd4 12. Bg5 Nxe2+ 13. Qxe2 h6 14. Bxf6
Bxf6 15. Nxf6+ Qxf6 16. Qe3 Kg7 17. Nb5 Rf7 18. Nc3 g5 19. Ne4 Qg6 20. f3 Bf5
21. Rae1 1/2-1/2

[Event "BSenEM 2014"]
[Site "Berlin"]
[Date "2014.02.04"]
[Round "6.53"]
[White "David, Heinz Dieter"]
[Black "Roloff, Karsten"]
[Result "1/2-1/2"]
[WhiteElo "1336"]
[BlackElo "1547"]
[Annotator "Jaeger,André"]
[PlyCount "57"]
[EventDate "2014.01.30"]
[WhiteTeam "SKV Bad Freienwalde/Oder e.V."]
[BlackTeam "CFC Hertha 06 e.V."]

1. e4 c5 2. Nf3 d6 3. Bc4 e6 4. Nc3 Nc6 5. a3 a6 6. Be2 b5 7. d3 Nf6 8. b4 cxb4
9. axb4 Nxb4 10. Nxb5 Bb7 11. Nc3 Qc7 12. Bd2 Nc6 13. h3 d5 14. exd5 exd5 15.
Qc1 Rd8 16. Bf4 Bd6 17. Bxd6 Rxd6 18. O-O O-O 19. d4 Ne4 20. Na4 Re8 21. Bd3
Nb4 22. Re1 Nxd3 23. cxd3 Qxc1 24. Raxc1 Nf6 25. Rc7 Bc6 26. Nc5 Bb5 27. Rxe8+
Bxe8 28. Ne5 h6 29. Nb7 1/2-1/2

[Event "BSenEM 2014"]
[Site "Berlin"]
[Date "2014.02.04"]
[Round "6.54"]
[White "Ollek, Karl Heinz"]
[Black "Mackowiak, Manfred"]
[Result "1-0"]
[WhiteElo "1546"]
[BlackElo "1274"]
[Annotator "Jaeger,André"]
[PlyCount "135"]
[EventDate "2014.01.30"]
[WhiteTeam "SC Friesen Lichtenberg e.V."]
[BlackTeam "SC Rochade e.V."]

1. c4 c5 2. Nf3 Nc6 3. Nc3 e5 4. d3 h6 5. g3 Nf6 6. Bg2 d6 7. O-O Be7 8. h3 a6
9. a3 a5 10. Rb1 O-O 11. Kh2 Nh7 12. Nd5 Be6 13. Bd2 Bxd5 14. cxd5 Nd4 15. e3
Nxf3+ 16. Bxf3 b5 17. b4 cxb4 18. axb4 a4 19. Qc2 Rc8 20. Qa2 Qb6 21. Rfc1 Qb7
22. Rc6 Rc7 23. Rxc7 Qxc7 24. Rc1 Qb7 25. Qc2 Nf6 26. e4 Nd7 27. Qc7 Qxc7 28.
Rxc7 Rd8 29. Bg4 Bg5 30. Bxg5 hxg5 31. Bxd7 Ra8 32. Rc2 Rb8 33. Rc3 Kf8 34. Kg2
Ke7 35. Bc6 Kd8 36. Kf3 Rb6 37. Kg4 Ke7 38. Kxg5 Kd8 39. h4 Ke7 40. h5 Rb8 41.
g4 Kf8 42. f4 f6+ 43. Kf5 exf4 44. Kxf4 Kf7 45. Kf5 Rc8 46. d4 Rb8 47. Ra3 Rb6
48. Bxb5 Rxb5 49. Rxa4 Rb8 50. b5 Rxb5 51. Ra7+ Ke8 52. Ke6 Rb8 53. Rxg7 Kf8
54. Rf7+ Kg8 55. Rxf6 Re8+ 56. Kf5 Kg7 57. Rxd6 Rf8+ 58. Kg5 Rf7 59. e5 Kf8 60.
Rf6 Ke8 61. Rxf7 Kxf7 62. e6+ Ke7 63. h6 Kf8 64. Kf6 Kg8 65. g5 Kf8 66. d6 Kg8
67. g6 Kf8 68. d7 1-0

[Event "BSenEM 2014"]
[Site "Berlin"]
[Date "2014.02.04"]
[Round "6.55"]
[White "Ebert, Lothar"]
[Black "Pfueller, Volker"]
[Result "1/2-1/2"]
[WhiteElo "1440"]
[BlackElo "1564"]
[Annotator "Jaeger,André"]
[PlyCount "70"]
[EventDate "2014.01.30"]
[WhiteTeam "ohne Verein"]
[BlackTeam "SC Rochade e.V."]

1. e4 e5 2. Nf3 Nc6 3. Bb5 a6 4. Bxc6 dxc6 5. h3 Bd6 6. d3 c5 7. Bg5 f6 8. Be3
Ne7 9. Nbd2 O-O 10. c3 Nc6 11. Qb3+ Kh8 12. Qc2 Be7 13. O-O Qe8 14. Kh2 b6 15.
Rg1 f5 16. exf5 Bxf5 17. g4 Bg6 18. Rg2 Rd8 19. Ne1 b5 20. b3 b4 21. Ne4 bxc3
22. Qxc3 Nd4 23. Nxc5 Ne2 24. Qd2 Nf4 25. Bxf4 Bxc5 26. Be3 Bd6 27. Kg1 Qb5 28.
Qc3 Rd7 29. Qc4 Bb4 30. Qxb5 axb5 31. Rd1 Bxe1 32. Rxe1 Rxd3 33. Bc5 Re8 34.
Kh2 c6 35. Re3 Red8 {Rest unklar.} 1/2-1/2

[Event "BSenEM 2014"]
[Site "Berlin"]
[Date "2014.02.04"]
[Round "6.56"]
[White "Geist, Wolfgang"]
[Black "Modrow, Reinert"]
[Result "1/2-1/2"]
[WhiteElo "1359"]
[BlackElo "1420"]
[Annotator "Jaeger,André"]
[PlyCount "17"]
[EventDate "2014.01.30"]
[WhiteTeam "SC Weisse Dame e.V."]
[BlackTeam "ESV 1949 Eberswalde e.V."]

1. Nf3 c5 2. c4 Nc6 3. g3 Nf6 4. Nc3 g6 5. Bg2 Bg7 6. O-O O-O 7. d3 e6 (7... d6
8. e4 e5 9. a3 Bd7 10. Nd5 Nxd5 11. cxd5 Nd4 12. Nxd4 cxd4 13. Bd2 Rc8 14. Rc1
Rxc1 15. Qxc1 Qc8 16. Qxc8 Rxc8 17. Rc1 Rxc1+ 18. Bxc1) 8. e4 e5 9. a3 1/2-1/2